| 000 | 00526nam a2200217Ia 4500 | ||
|---|---|---|---|
| 003 | OSt | ||
| 005 | 20250613112124.0 | ||
| 008 | 191130s2007##################000#0#eng## | ||
| 020 | _a9780141033020 | ||
| 040 |
_aACL _cACL |
||
| 082 | _a823.92 FOX | ||
| 100 | _aFox, Leonie | ||
| 245 |
_aPrivate members _cLeonie Fox |
||
| 260 |
_aLondon _bPenguin Books _c2007 |
||
| 300 | _a391p. ; 18 cm | ||
| 650 | _aFiction | ||
| 856 | _3pbk | ||
| 942 |
_2ddc _cENGLISH |
||
| 990 | _a4aaf3ebeac10000c345314ef773b9921 | ||
| 999 |
_c43968 _d43968 |
||